| 000 | 00568cam a2200205 a 4500 | ||
|---|---|---|---|
| 001 | 15754523 | ||
| 005 | 20240222000814.0 | ||
| 008 | 090305s2009 ii 000 0 eng d | ||
| 020 | _a9788189833855 (pbk.) | ||
| 040 |
_aDKAGE _beng _cDKAGE _dDLC |
||
| 082 | 0 | 4 |
_a322.42. _222 _bTHE. |
| 100 | 1 | _aSivasegaram s. | |
| 245 | 1 | 4 |
_aThe Sri Lankan national crisis and the search for solutions / _cS. Sivasegaram. |
| 250 | _a1st. | ||
| 260 |
_aDelhi : _bAakar Books, _c2009. |
||
| 300 | _a96 p. ; | ||
| 490 | 0 | _aRadical notes ; | |
| 650 | 0 | _aTamil (Indic people) | |
| 942 | _cL | ||
| 999 |
_c467 _d467 |
||